00861nam a2200217 a 4500001001000000003000500010005001700015008004100032010001100073011001100084040000900095100002400104245017100128260004100299500006000340502008900400650002500489650003700514650002200551856007000573000109835CHAP20220329144105.0140602s2014 mx a sm |||||||spa d a106297 a107269 cCHAP1 aOvando Serra, Dayli10aCrecimiento de café (coffea arabica L.) Var oro azteca con fertirrigación orgánica en ollas de barro en Cuetzalan, Pueblah[En línea]cpor Dayli Ovando Serra. aChapingo, Méx. :bEl autor,c2014. aPara ver el contenido del material haga clic en la liga aTesis (Ing. Agr. Esp. en Zonas Tropicales) -- UACH. Dirección de Centros Reginales14aCaféxRendimiento.14aFertilizantesxEfecto en café.14aFertirrigación. aFinding aiduhttp://10.13.5.2/tesis/sist109835.pdfzTeclea aquí